000 01399nam a2200277 i 4500
001 25374
003 ES-MaACL
005 20250831121549.0
007 t|
008 021226s1893 sp |||| |dspa d
040 _cES-MaACL
100 1 _aArmengol y Cornet, Pedro,
_d1837-1896
_922949
_eaut
245 1 0 _aBosquejo necrológico de Dª Concepción Arenal :
_bleído el 21 de febrero 1893 en la Asociación General para la Reforma Penitenciara en España /
_cPedro Armengol y Cornet.
260 _aBarcelona :
_b[s.n.],
_c1893
_f(Est. Tip. de Jaime Jepús)
300 _a28 páginas ;
_c27 cm.
530 _aDisponible en formato digital
600 1 4 _aArenal, Concepción,
_d1820-1893
_922591
710 2 _aAsociación General para la Reforma Penitenciaria en España
_ehis
_91717
852 _aES-MaACL
_cDEPOF
_jT-743-F-7
_926308
852 _aES-MaACL
_bR. FOLL.1/5
_cSVI
_fSello en tinta en portada: "Donativo del Sr. Lastres al Ateneo de Madrid. 1907"
_hDonación: Francisco Lastres y Juiz
_jD-68(5)
_xEncuadernación holandesa
_xEncuadernado con otras obras formando un volumen facticio
_926307
856 _uhttps://bvpb.mcu.es/es/consulta/registro.do?id=577788
_yVersión en línea
_z(Biblioteca Virtual del Patrimonio Bibliográfico)
903 _aLastres y Juiz, Francisco,
_d1848-1918
_ednr
_q1
_970504
942 _cFOLLETOS
_n0
999 _c25374
_d25374